000 01760nam0a2200349 4500
001 RU\NLR\bibl\1477795
005 20260406085025.0
010 _a978-5-86185-370-5
_920
021 _aRU
_b2009-105537
_96721
035 _a(NLR Aleph) 001469459
090 _a1634264
_c1634264
100 _a20100226d2008 |||y0rusy50 ca
101 0 _arus
102 _aRU
105 _aa |||||||||
200 1 _aОсновные процессы в структурах безопасной эксплуатации судна
_fФ.Д. Кукуи, А.Н. Анисимов, А.А. Анисимов
_gпод общ. ред. д.т.н., проф. В.И. Меньшикова
_gФедерал. агентство по рыболовству, Федерал. гос. образоват. учреждение высш. проф. образования "Мурм. гос. техн. ун-т"
210 _aМурманск
_cИзд-во МГТУ
_d2008
215 _a184 с.
_cил.
_d21
320 _aБиблиогр.: с. 134-135 (16 назв.)
606 1 _aСуда
_xБезопасность плавания
_91618709
_3RU\NLR\auth\66714043
686 _aО42-082.03
700 1 _aКукуи
_bФ. Д.
_gФирмин Дживо
_4070
701 1 _4070
_7ca
_8rus
_aАнисимов
_bА. Н.
_cканд. техн. наук, Мурманск
_gАлександр Николаевич
_3RU\NLR\AUTH\7790302
_973229
701 1 _4070
_7ca
_8rus
_aАнисимов
_bА. А.
_cинженер-судоводитель
_gАлександр Александрович
_3RU\NLR\AUTH\770279666
_92651633
801 0 _aRU
_bNLR
_c20100226
_gRCR
801 1 _aRU
_bNLR
_c20100226
830 _aавт. по кн.
942 _cBOOK
980 _aNB
980 _aNBR